| 000 | 00450nam a22001577a 4500 | ||
|---|---|---|---|
| 999 |
_c40905 _d40905 |
||
| 003 | OSt | ||
| 005 | 20200924130428.0 | ||
| 008 | 200924b ||||| |||| 00| 0 eng d | ||
| 040 | _coclc | ||
| 082 |
_a579.5 _bCHO/T |
||
| 100 | _aChopra, G L | ||
| 245 |
_aA Text Book Of Fungi / _cG L Chopra ; V Verma |
||
| 260 |
_aJalandhar: _bPradeeb Publications, _c1999. |
||
| 300 | _a586p | ||
| 942 |
_cBK _2ddc _h579.5 _iCHO/T _k579.5 _mCHO/T |
||